Anglais, Les Temps - Statistiques

Statistiques générales
  • Ce quiz a été pris 35 fois
  • Le résultat moyen est 2 sur 5
Statistiques - réponses
Question Réponse % Correct
(will + V , be going to) futur
100%
S + V Présent Simple
100%
S + HAD + Part. Passé Past Perfect / Plu Perfect
50%
S + (HAS,HAVE) BEEN + V-ing Présent Perfect -ing
50%
S + BE (au passé) + V-ing Prétérit BE+ing
33%
S + V (au prétérit) Prétérit Simple
33%
Présent BE+ing S + BE (au présent) + V-ing
33%
S + BE (au présent) + V-ing Présent BE+ing
0%
S + HAVE (au présent) + Part. Passé Présent Perfect Simple
0%
Prétérit BE+ing S + BE (au passé) + V-ing
0%
Past Perfect / Plu Perfect S + HAD + Part. Passé
0%
Présent Perfect -ing S + (HAS,HAVE) BEEN + V-ing
0%
Présent Perfect Simple S + HAVE (au présent) + Part. Passé
0%
Présent Simple S + V
0%
Prétérit Simple S + V (au prétérit)
0%
Futur (will + V , be going to)
0%
Aucun quiz correspondant
Distribution des résultats
% des personnes avec chaque résultat
Percentile par nombre de réponses
Votre historique - résultats
Vous n’avez pas pris ce quiz